000 00466nam a2200193Ia 4500
005 20240823033650.0
008 240823s9999||||xx |||||||||||||| ||und||
041 _aENGLISH
082 _A621.3192 P8
100 _aJebastine J
245 0 _aCircuit Theory
250 _a2nd
260 _c2008
_bSri Krishna Publi
_aChennai
500 _aTRANSFERED
650 _aCircuit Theory
_bElectrical
700 _a Venugopalakrishnan J
942 _cBK
999 _c196359
_d196359